000 00784nam a2200241Ia 4500
001 3011
003 GE_BSU
008 181216s||||||||xx |||||||||||||| ||und||
020 _a5871710381
040 _cGE_BSU
080 _a336.2(1-87)
245 _aНалоговые системы зарубежных стран
245 _bУчебник для вузов=Foreign Tax Systems
245 _cпод. ред. проф. В.Г. Князева, проф. Д. Г. Черника-пероб и доп Н.Д. Эриашвили
250 _a2 изд.
260 _aМосква
260 _bЮНИТИ
260 _c1997
300 _a191 с. 20 см.
541 _h4 л. 90 т.
653 _aНалоговые системы зарубежных стран
942 _cBK
999 _c37057
_d37057